000 00777nam a2200265 i 4500
001 bg
100 1 _aKWIATKOWSKA, Anna.
245 1 0 _aWybrane zagadnienia informatyki.
_nCz.1 /
_cAnna Kwiatkowska, Lucyna Korbel ; Politechnika Lubelska.
246 1 4 _aWybrane zagadnienia z informatyki
260 _aLublin :
_bWydaw. PL,
_c2002.
300 _a78 s. ;
_c24 cm.
500 _aTyt. okł.: Wybrane zagadnienia z informatyki.
504 _aBibliogr. Indeks.
650 9 _aInformatyka
655 _aPodręczniki akademickie
700 1 _aKORBEL, Lucyna
710 0 _aPolitechnika Lubelska
020 _a8389246201
040 _cBPK
041 0 _apol
080 _a004(075.8)
920 _a83-89246-20-1
942 _cKS
008 s pl f |000 0 pol
999 _c42733
_d42733
856 _uhttp://koha.tu.koszalin.pl/cgi-bin/koha/opac-detail.pl?biblionumber=42733
_yKatalog online BPK